书目信息 |
| 题名: |
故宫神兽
|
|
| 作者: | 蒋蓝 著 | |
| 分册: | ||
| 出版信息: | 北京 故宫出版社 2019.4 |
|
| 页数: | 204页 | |
| 开本: | 21cm | |
| 丛书名: | 掌上故宫 | |
| 单 册: | ||
| 中图分类: | K928.74 | |
| 科图分类: | ||
| 主题词: | 故宫--古建筑--建筑装饰--介绍 | |
| 电子资源: | ||
| ISBN: | 978-7-5134-0819-6 | |
| 000 | 01119nam0 2200253 450 | |
| 001 | 012019032216 | |
| 005 | 20200513184336.5 | |
| 010 | @a978-7-5134-0819-6@dCNY46.00 | |
| 100 | @a20200513d2019 em y0chiy0110 ea | |
| 101 | 0 | @achi |
| 102 | @aCN@b110000 | |
| 105 | @af z 000zy | |
| 106 | @ar | |
| 200 | 1 | @a故宫神兽@9Gu Gong Shen Shou @f蒋蓝著 |
| 210 | @a北京@c故宫出版社@d2019.4 | |
| 215 | @a204页@d21cm | |
| 225 | 2 | @a掌上故宫 |
| 330 | @a紫禁城作为明清两代皇宫,其任何室内或室外陈设都有着很深的寓意,本书尽力钩陈了故宫建筑群中的几十种建筑神兽,从造型演变、寓意内涵、材质分类、制造工艺等方面进行了归纳和分析。故宫的主体建筑均放置在宫城从南到北的轴线上,这条线被称为中轴线,既是紫禁城的中心线,也是目前故宫博物院主要的参观路线。故宫神兽是皇家镇宅祈福的神物,它代表着王权,除了皇帝之外,任何人都不得在建筑物上使用。本书阐述神兽历史之外,也在提醒人们,那些被神兽彰显出来的历史和精湛艺术,更需要人们加倍呵护。 | |
| 461 | 0 | @1200 @a掌上故宫 |
| 606 | 0 | @a故宫@x古建筑@x建筑装饰@x介绍 |
| 690 | 0 | @aK928.74@v5 |
| 701 | 0 | @a蒋蓝@9Jiang Lan @4著 |
| 801 | 0 | @aCN@b人天书店@c20200513 |
| 905 | @aTSG@dK928.74@eJ575@f2 | |
| 故宫神兽/蒋蓝著.-北京:故宫出版社,2019.4 |
| 204页;21cm.-(掌上故宫) |
| ISBN 978-7-5134-0819-6:CNY46.00 |
| 紫禁城作为明清两代皇宫,其任何室内或室外陈设都有着很深的寓意,本书尽力钩陈了故宫建筑群中的几十种建筑神兽,从造型演变、寓意内涵、材质分类、制造工艺等方面进行了归纳和分析。故宫的主体建筑均放置在宫城从南到北的轴线上,这条线被称为中轴线,既是紫禁城的中心线,也是目前故宫博物院主要的参观路线。故宫神兽是皇家镇宅祈福的神物,它代表着王权,除了皇帝之外,任何人都不得在建筑物上使用。本书阐述神兽历史之外,也在提醒人们,那些被神兽彰显出来的历史和精湛艺术,更需要人们加倍呵护。 |
| ● |
| 相关链接 |
|
|
|
正题名:故宫神兽
索取号:K928.74/J575
 
预约/预借
| 序号 | 登录号 | 条形码 | 馆藏地/架位号 | 状态 | 备注 |
| 1 | 1534530 | 215345302 | 社科库309/309社科库 19排2列1层/ [索取号:K928.74/J575] | 在馆 | |
| 2 | 1534531 | 215345311 | 社科库309/309社科库 19排2列1层/ [索取号:K928.74/J575] | 在馆 |